The world's greatest love affairs / (Record no. 129946)

MARC details
000 -LEADER
fixed length control field 00620nam a22002297a 4500
005 - DATE AND TIME OF LATEST TRANSACTION
control field 20170124110105.0
010 ## - LIBRARY OF CONGRESS CONTROL NUMBER
LC control number 501140
020 ## - INTERNATIONAL STANDARD BOOK NUMBER
Terms of availability 00.00
035 ## - SYSTEM CONTROL NUMBER
System control number 501140
037 ## - SOURCE OF ACQUISITION
Source of stock number/acquisition Cen Lib/Ret
040 ## - CATALOGING SOURCE
Original cataloging agency DPL
Language of cataloging EN
082 ## - DEWEY DECIMAL CLASSIFICATION NUMBER
Classification number S
Item number EWA
100 ## - MAIN ENTRY--PERSONAL NAME
Personal name Ewart, Andrew
9 (RLIN) 27862
245 ## - TITLE STATEMENT
Title The world's greatest love affairs /
Statement of responsibility, etc by Andrew Ewart
260 ## - PUBLICATION, DISTRIBUTION, ETC. (IMPRINT)
Place of publication, distribution, etc London
Name of publisher, distributor, etc Odhams Books
Date of publication, distribution, etc 1967
270 ## - ADDRESS
City London
Address Long Acre
300 ## - PHYSICAL DESCRIPTION
Extent 287p. ;
Dimensions 17cm(Hb)
Other physical details ill.
500 ## - GENERAL NOTE
General note Includes index
650 ## - SUBJECT ADDED ENTRY--TOPICAL TERM
Topical term or geographic name as entry element English literature
9 (RLIN) 85821
650 ## - SUBJECT ADDED ENTRY--TOPICAL TERM
Topical term or geographic name as entry element Stories
General subdivision World love affairs
9 (RLIN) 27864
942 ## - ADDED ENTRY ELEMENTS (KOHA)
Source of classification or shelving scheme Dewey Decimal Classification
Koha item type English Books
Classification part S
Call number suffix EWA
Holdings
Withdrawn status Lost status Damaged status Not for loan Home library Current library Date acquired Source of acquisition Cost, normal purchase price Total Checkouts Full call number Barcode Date last seen Copy number Cost, replacement price Price effective from Koha item type Public note
Written off       Central Library Central Library 08/07/2015 Cen Lib/Ret 0.00   S EWA 501140 08/07/2015 1 0.00 15/09/2016 English Books W/d List No. 6858/4 ; dtd 04/08/2020

© Delhi Public Library
Hit Counter
free hit counter